000 00409cam a2200145 4500500
005 20251012032549.0
041 _afre
042 _adc
100 1 0 _aAvrane, Patrick
_eauthor
245 0 0 _aPages de début
260 _c2005.
500 _a11
786 0 _nSigila | 16 | 2 | 2005-12-20 | p. 1-8 | 1286-1715
856 4 1 _uhttps://shs.cairn.info/revue-sigila-2005-2-page-1?lang=fr&redirect-ssocas=7080
999 _c1547637
_d1547637